[Event "Mumbai Wealth op U13 4th"]
[Site "Mumbai"]
[Date "2019.01.01"]
[Round "3"]
[White "Vivaan, Vijay Saraogi"]
[Black "Ananmay, Sharma"]
[Result "1-0"]
[WhiteElo "1290"]
[BlackElo "1749"]
[PlyCount "73"]
[EventDate "2018.12.30"]
[EventType "swiss"]
[EventRounds "9"]
[EventCountry "IND"]
[SourceTitle "CBM 188 Extra"]
[Source "ChessBase"]
[SourceDate "2019.02.28"]
[SourceVersion "1"]
[SourceVersionDate "2019.02.28"]
[SourceQuality "1"]

1. e4 c6 2. d4 d5 3. Nd2 dxe4 4. Nxe4 Bf5 5. Ng3 Bg6 6. h4 h6 7. Nh3 e6 8. Nf4 Bh7 9. Bc4 Nf6 10. 0-0 Bd6 11. Re1 0-0 12. c3 Nbd7 13. Nxe6 fxe6 14. Rxe6 Kh8 15. Rxd6 Ne8 16. Re6 Bg8 17. Bg5 Nef6 18. d5 cxd5 19. Bxd5 hxg5 20. hxg5 Nc5 21. Qe2 Nxe6 22. Qxe6 Nh7 23. g6 Qf6 24. Qg4 Qxf2+ 25. Kh2 Rf4 26. Qh3 Rb8 27. Bxg8 Kxg8 28. Qxh7+ Kf8 29. Qh8+ Ke7 30. Qxg7+ Ke6 31. Qh6 Rg4 32. g7+ Ke7 33. Qh3 Qf4 34. Re1+ Kd6 35. Re4 Qxe4 36. Nxe4+ Rxe4 37. Qg3+ 1-0

[Event "Sivagangai Tamilnadu op U11 32th"]
[Site "Sivagangai Tamilnadu"]
[Date "2018.08.04"]
[Round "10.3"]
[White "Mohanty, Soyamsree"]
[Black "Ananmay, Sharma"]
[Result "1-0"]
[WhiteElo "1755"]
[BlackElo "1523"]
[PlyCount "121"]
[EventDate "2018.07.28"]
[EventType "swiss"]
[EventRounds "11"]
[EventCountry "IND"]
[SourceTitle "EXT 2024"]
[Source "ChessBase"]
[SourceDate "2023.10.10"]
[SourceVersion "1"]
[SourceVersionDate "2023.10.10"]
[SourceQuality "1"]

1. c4 c6 2. g3 d5 3. cxd5 cxd5 4. Bg2 Nf6 5. Nf3 Nc6 6. 0-0 Bg4 7. d3 e6 8. Nc3 Be7 9. Qb3 Qb6 10. Qxb6 axb6 11. Nb5 Ra5 12. a4 0-0 13. Be3 Bc5 14. Rfc1 Bxe3 15. fxe3 Nd7 16. Nfd4 Nde5 17. h3 Bh5 18. Kf2 h6 19. Ke1 Rfa8 20. b3 Nxd4 21. exd4 Nc6 22. Kd2 Kh7 23. Rab1 Rd8 24. g4 Bg6 25. Bf3 f6 26. e3 e5 27. Rc3 exd4 28. Nxd4 Ne5 29. Be2 Rc5 30. Rbc1 Rdc8 31. Nb5 Nf7 32. d4 Rxc3 33. Nxc3 Ng5 34. h4 Ne4+ 35. Nxe4 Rxc1 36. Nxf6+ gxf6 37. Kxc1 Be8 38. Bf3 Bc6 39. b4 Bxa4 40. Bxd5 Bd7 41. Be4+ Kg7 42. Bf5 Bc6 43. e4 Kf7 44. d5 Bb5 45. Kd2 Ke7 46. Ke3 Kd6 47. Kf4 Bd3 48. g5 fxg5+ 49. hxg5 hxg5+ 50. Kxg5 Ke5 51. Kg6 b5 52. Kf7 Bc4 53. Be6 Bd3 54. Ke7 Bxe4 55. d6 Bc6 56. Bd7 Be4 57. Bxb5 Bf5 58. d7 Bxd7 59. Bxd7 b5 60. Bxb5 Kd4 61. Kd6 1-0

[Event "Sivagangai Tamilnadu op U11 32th"]
[Site "Sivagangai Tamilnadu"]
[Date "2018.08.01"]
[Round "7.3"]
[White "John Veny, Akkarakarn"]
[Black "Ananmay, Sharma"]
[Result "0-1"]
[WhiteElo "1667"]
[BlackElo "1523"]
[PlyCount "144"]
[EventDate "2018.07.28"]
[EventType "swiss"]
[EventRounds "11"]
[EventCountry "IND"]
[SourceTitle "EXT 2024"]
[Source "ChessBase"]
[SourceDate "2023.10.10"]
[SourceVersion "1"]
[SourceVersionDate "2023.10.10"]
[SourceQuality "1"]

1. e4 c6 2. d4 d5 3. Nc3 dxe4 4. Nxe4 Bf5 5. Ng3 Bg6 6. h4 h6 7. h5 Bh7 8. Nf3 Nd7 9. Bd3 Bxd3 10. Qxd3 e6 11. Bf4 Qa5+ 12. Bd2 Bb4 13. Ne4 Bxd2+ 14. Nfxd2 Qb4 15. a3 Qe7 16. Qg3 Kf8 17. 0-0-0 Ngf6 18. f3 Nxe4 19. fxe4 e5 20. Nf3 exd4 21. Rxd4 Nf6 22. e5 Nd5 23. Qf2 Kg8 24. c4 Nb6 25. Rhd1 Rf8 26. Qc2 Qe6 27. Rd8 g5 28. hxg6 Qxg6 29. Qf2 Rxd8 30. Rxd8+ Kh7 31. Rd4 Rg8 32. Rf4 Rg7 33. Qd2 Qxg2 34. Qxg2 Rxg2 35. Rxf7+ Rg7 36. Rf4 Re7 37. Kd2 Kg7 38. Ke3 Nd7 39. Kd4 Nf8 40. Rg4+ Kf7 41. Rf4+ Kg7 42. Rg4+ Kf7 43. Nh4 Rd7+ 44. Ke4 Ne6 45. Nf5 Nc5+ 46. Kf4 Nd3+ 47. Ke3 Nxe5 48. Nxh6+ Kf6 49. Re4 Rd3+ 50. Ke2 Rb3 51. Ng4+ Nxg4 52. Rxg4 Rxb2+ 53. Kd3 Rb3+ 54. Kd4 Rxa3 55. Rf4+ Ke6 56. Re4+ Kd7 57. Ke5 b5 58. Rg4 Kc7 59. cxb5 cxb5 60. Kd5 Rc3 61. Rg1 b4 62. Kd4 Kb6 63. Rb1 a5 64. Rb2 Kb5 65. Rb1 a4 66. Ra1 a3 67. Rb1 Ka4 68. Ra1 Rc2 69. Kd3 b3 70. Rb1 a2 71. Rg1 Ka3 72. Rf1 Kb2 0-1

[Event "Sivagangai Tamilnadu op U11 32th"]
[Site "Sivagangai Tamilnadu"]
[Date "2018.07.30"]
[Round "4.2"]
[White "Ilamparthi, AR."]
[Black "Ananmay, Sharma"]
[Result "0-1"]
[WhiteElo "1965"]
[BlackElo "1523"]
[PlyCount "120"]
[EventDate "2018.07.28"]
[EventType "swiss"]
[EventRounds "11"]
[EventCountry "IND"]
[SourceTitle "EXT 2024"]
[Source "ChessBase"]
[SourceDate "2023.10.10"]
[SourceVersion "1"]
[SourceVersionDate "2023.10.10"]
[SourceQuality "1"]

1. e4 c6 2. d4 d5 3. exd5 cxd5 4. Bd3 Nc6 5. c3 Qc7 6. h3 Nf6 7. Nf3 g6 8. 0-0 Bg7 9. Re1 0-0 10. Nbd2 Bf5 11. Bxf5 gxf5 12. Ne5 Nxe5 13. dxe5 Ne4 14. Nf3 e6 15. Bf4 a5 16. Rc1 Qc4 17. b3 Qa6 18. Nd4 Rfc8 19. f3 Nc5 20. Re3 b5 21. Qe1 b4 22. c4 dxc4 23. Rxc4 Nd7 24. Rxc8+ Rxc8 25. Bg5 Nf8 26. f4 h6 27. Bf6 Ng6 28. Kh2 Qb6 29. Nf3 Nxf4 30. Nh4 Ng6 31. Rd3 Qc7 32. Rg3 Kh7 33. Nf3 f4 34. Rg4 Bxf6 35. exf6 Qc3 36. Qe4 Qxf6 37. h4 Qf5 38. Qb7 Qxg4 39. Qxc8 Nxh4 40. Nxh4 Qxh4+ 41. Kg1 Qe1+ 42. Kh2 Qg3+ 43. Kg1 f3 44. Qc2+ f5 45. Kf1 Qxg2+ 46. Qxg2 fxg2+ 47. Kxg2 e5 48. Kf3 Kg6 49. Kg3 Kg5 50. Kf3 h5 51. Kg3 h4+ 52. Kh3 e4 53. Kg2 e3 54. Kf3 h3 55. Kxe3 h2 56. Kd4 h1Q 57. Kd3 Qe4+ 58. Kd2 f4 59. Kc1 f3 60. a4 bxa3 0-1